Uncommon Cures for Everyday Ailments (Record no. 10204)

000 -LEADER
fixed length control field 00424nam a22001337a 4500
008 - FIXED-LENGTH DATA ELEMENTS--GENERAL INFORMATION
fixed length control field 151203b xxu||||| |||| 00| 0 eng d
020 ## - INTERNATIONAL STANDARD BOOK NUMBER
International Standard Book Number 0887235158
050 ## - LIBRARY OF CONGRESS CALL NUMBER
Classification number SPE R 733 .U53 2009
100 ## - MAIN ENTRY--PERSONAL NAME
Personal name Bottom Line/Health
Dates associated with a name 2009.
245 ## - TITLE STATEMENT
Title Uncommon Cures for Everyday Ailments
260 ## - PUBLICATION, DISTRIBUTION, ETC. (IMPRINT)
Place of publication, distribution, etc. usa,
Name of publisher, distributor, etc. Bottom line,
Date of publication, distribution, etc. 2009.
300 ## - PHYSICAL DESCRIPTION
Extent 304p. :ill.
Other physical details includes index,
942 ## - ADDED ENTRY ELEMENTS (KOHA)
Source of classification or shelving scheme
Koha item type Hard Covered Materials
Classification part SPE R 733 .U53 2009
Holdings
Withdrawn status Lost status Source of classification or shelving scheme Damaged status Not for loan Home library Current library Date acquired Source of acquisition Total Checkouts Full call number Barcode Date last seen Price effective from Koha item type
          MACHAKOS UNIVERSITY LIBRARY MACHAKOS UNIVERSITY LIBRARY 03/12/2015 DONATION (BFA)   SPE R 733 .U53 2009 19621 03/12/2015 03/12/2015 Hard Covered Materials
© Machakos University Library, Along The Highway, Machakos Wote Rd, Machakos, Kenya P.O. Box 136 - 90100 Machakos - Kenya

Tel: ( +254 ) 723 805829 OR Fax : 044-20353 OR Email: library@mksu.ac.ke